The Magic School Bus: Makes A Rainbow (Record no. 123026)

MARC details
000 -LÍDER
campo de controle de tamanho fixo 00894 a2200217 4500
001 - NÚMERO DE CONTROLE
campo de controle 123026
020 ## - ISBN - INTERNATIONAL STANDARD BOOK NUMBER
ISBN - International Standard Book Number 9780590922517
040 ## - FONTE DA CATALOGAÇÃO
Instituição que transcreveu o registro Escola Canadense de Niteroi
090 ## - NÚMERO DE CHAMADA LOCAL
Número de chamada (OCLC) (R); Número de chamada, CALL (RLIN) (NR) COL
100 ## - ENTRADA PRINCIPAL--NOME PESSOAL
Nome pessoal Cole, Joanna
245 10 - TÍTULO
Título The Magic School Bus: Makes A Rainbow
300 ## - DESCRIÇÃO FÍSICA
Outros detalhes físicos il.
362 0# - DATAS DE PUBLICAÇÃO E/OU DESIGNAÇÃO SEQUENCIAL
Datas de publicação e/ou designação sequencial 1997
490 0# - TÍTULO DA SÉRIE
Título da série The Magic School Bus
520 ## - NOTA DE RESUMO, ETC
Resumo, etc. The class finds Ms. Frizzle inside her closet - playing pinball! But this is no ordinary pinball machine — it's played with light pulses, not steel balls. The Friz has to light up the six colors of the rainbow to win the game, and the kids want to help her. So they take the Magic School Bus inside the pinball machine.<br/><br/>Buckle up for this enlightening adventure and learn the secrets of color! (Grade Level: 2-5)
650 #4 - ASSUNTO--TERMO TÓPICO
Cabeçalho tópico ou nome geográfico Children's Literature
650 #4 - ASSUNTO--TERMO TÓPICO
Cabeçalho tópico ou nome geográfico Colors
650 #4 - ASSUNTO--TERMO TÓPICO
Cabeçalho tópico ou nome geográfico Rainbow
650 #4 - ASSUNTO--TERMO TÓPICO
Cabeçalho tópico ou nome geográfico Tv Shows
942 ## - ELEMENTOS DE ENTRADA ADICIONADOS (KOHA)
Tipo de material Koha Livros
Holdings
Situação do descarte Situação das perdas Situação física Não pode ser emprestado Biblioteca de origem Biblioteca atual Data de aquisição Total de empréstimos Número de chamada completo Código de barras Data de último acesso Data do preço efetivo Tipo de material Koha
        Canadian School of Niterói - Piratininga Canadian School of Niterói - Piratininga 09/02/2024   COL A10328 09/02/2024 09/02/2024 Livros